[Event "BCF-chT4 2223 (4NCL)"]
[Site "England"]
[Date "2023.05.01"]
[Round "11.96"]
[White "Korchagina, Polina"]
[Black "Singh, Avyanna"]
[Result "1-0"]
[WhiteElo "1171"]
[BlackElo "1101"]
[PlyCount "67"]
[EventDate "2022.11.05"]
[EventType "team-swiss"]
[EventRounds "11"]
[EventCountry "ENG"]
[SourceTitle "EXT 2024"]
[Source "ChessBase"]
[SourceDate "2023.10.10"]
[SourceVersion "1"]
[SourceVersionDate "2023.10.10"]
[SourceQuality "1"]
[WhiteTeam "Anglian Avengers II"]
[BlackTeam "She Plays to Win Young Stars"]
[WhiteTeamCountry "ENG"]
[BlackTeamCountry "ENG"]

1. e4 e5 2. Nf3 Nc6 3. Bb5 Nf6 4. d3 Bc5 5. h3 h6 6. Nc3 d6 7. Bd2 Be6 8. a3 0-0 9. Qc1 Nd4 10. Nxd4 Bxd4 11. Ne2 Bc5 12. Ng3 c6 13. Ba4 Qb6 14. 0-0 Rfe8 15. b4 Qa6 16. bxc5 Qxa4 17. Bxh6 g6 18. cxd6 c5 19. Qg5 Nh7 20. Qxe5 Qd4 21. Qxd4 cxd4 22. Rab1 b6 23. Rb4 Rac8 24. Rxd4 Rxc2 25. Rc1 Rxc1+ 26. Bxc1 Nf6 27. Bg5 Nd7 28. Ra4 a5 29. Ne2 Nc5 30. Rd4 Kg7 31. e5 Bf5 32. Bf6+ Kf8 33. Rh4 Bxd3 34. Rh8# 1-0